00663 2200229 4500001002100000005001500021035002000036008004100056245009700097100002300194250001000217260004000227300003100267020002200298084001600320082001000336650002900346700002000375700001600395990001100411990001100422INLIS00000000001176320220617034108 a0010-0622000273220617 a 0 ind 1 aSang Peri Kumis /cChristopher Holley; penerjemah naskah, Putra Anugyasa; editor, Dewanti N. aCHRISTOPER, Holley acet.1 aJakarta :bCerdas Interaktif,c2017 a52 hal. :bilus. ;c20 cm. a978-979-788-475-8 a741.5 CHI s a741.5 4aGAMBAR. CERITA BERGAMBAR0 aPUTRA, Anugyasa0 aDEWANTI, N. a7650 a a7650 b